Guidance on command words used in learning outcomes and question papers- Certificate Qualifications (Record no. 229785)

MARC details
000 -LEADER
fixed length control field 00492nam a2200169Ia 4500
008 - FIXED-LENGTH DATA ELEMENTS--GENERAL INFORMATION
fixed length control field 240823s9999||||xx |||||||||||||| ||und||
082 ## - DEWEY DECIMAL CLASSIFICATION NUMBER
-- 658.382 Q5
100 ## - MAIN ENTRY--PERSONAL NAME
Personal name NEBOSH
245 #0 - TITLE STATEMENT
Title Guidance on command words used in learning outcomes and question papers- Certificate Qualifications
250 ## - EDITION STATEMENT
Edition statement 1st
260 ## - PUBLICATION, DISTRIBUTION, ETC. (IMPRINT)
Date of publication, distribution, etc 2015
Name of publisher, distributor, etc N
500 ## - GENERAL NOTE
General note TRANSFERED
650 ## - SUBJECT ADDED ENTRY--TOPICAL TERM
Topical term or geographic name as entry element safety and healthy
942 ## - ADDED ENTRY ELEMENTS (KOHA)
Item type Books
Holdings
Withdrawn status Lost status Damaged status Permanent location Current location Shelving location Date acquired Source of acquisition Cost, normal purchase price Full call number Barcode Date last seen Koha item type
      CENTRAL LIBRARY, NOORUL ISLAM CENTRE FOR HIGHER EDUCATION CENTRAL LIBRARY, NOORUL ISLAM CENTRE FOR HIGHER EDUCATION   07/20/2018 Xerox Copy 300.00 658.382 Q5 78067 08/23/2024 Books
Visitors:
Copyright © 2024 Central Library NICHE.  All rights reserved.